00480nam a22001937a 450000500170000001000110001702000100002803500110003803700170004904000130006608200130007910000130009224500480010526000350015327000340018830000210022265000240024365000190026720170124110250.0 a176102 c00.00 a176102 bCen Lib/Ret  aDPL bEN a882bONE aO, Neill aThe plays of eugene O, neill /cby O, Neill aNew York bRendom House c1955 aNew York New York bNew York  a633p. c17cm(Hb) aEnglish literature  aAmerican drama